Statistics for Fifa 18 Community TOTS

Click here to take the quiz!

General Stats

  • This quiz has been taken 48 times
  • The average score is 12 of 23

Answer Stats

ClubRatingAnswer% Correct
Juventus94Giorgio Chiellini
86%
Chelsea94Thibaut Courtois
78%
Atletico Madrid93Jan Oblak
76%
Leicester City89Jamie Vardy
73%
Napoli93Marek Hamsik
73%
Barcelona93Gerard Pique
68%
Toronto90Sebastian Giovinco
62%
Atalanta91Alejandro Gomez
59%
Liverpool87Andrew Robertson
57%
Bordeaux89Malcom
49%
AS Monaco91Thomas Lemar
49%
PSG90Adrien Rabiot
46%
Bayern Munich92Javi Martinez
46%
Barcelona92Sergio Busquets
46%
Watford87Abdoulaye Doucoure
43%
AS Roma88Alisson Becker
43%
Bayern Munich91Niklas Sule
43%
PSV Eindhoven87Marco Van Ginkel
41%
Eintracht Frankfurt87Kevin-Prince Boateng
38%
Bayer Leverkusen89Lars Bender
38%
Spartak Moscow87Fernando
35%
AS Monaco91Fabinho
30%
Valencia CF88Jose Gaya
14%

Score Distribution

Percentile by Number Answered

Percent of People with Each Score

Your Score History

You have not taken this quiz